| 000 | 00979cam a22002534a 4500 | ||
|---|---|---|---|
| 001 | 13121009 | ||
| 005 | 20250516133632.0 | ||
| 008 | 030312s2003 enka b 001 0 eng | ||
| 020 | _a033399325X | ||
| 020 | _a0333993268 (pbk.) | ||
| 050 | 0 | 0 |
_aHF5549 _b.B789 2003 |
| 082 | 0 | 0 |
_a658.3 _221 |
| 100 | 1 | _aBratton, John. | |
| 245 | 1 | 0 |
_aHuman resource management : _btheory and practice / _cJohn Bratton and Jeffrey Gold. |
| 250 | _a3rd ed. | ||
| 260 |
_aHoundmills, Basingstoke, Hampshire _aNew York : _bPalgrave Macmillan, _c2003. |
||
| 300 |
_axxxvi, 540 p. : _bill. ; _c25 cm. |
||
| 650 | 0 | _aPersonnel management. | |
| 700 | 1 | _aGold, Jeffrey. | |
| 856 | 4 | 2 |
_3Contributor biographical information _uhttp://www.loc.gov/catdir/bios/hol053/2003045982.html |
| 856 | 4 | 2 |
_3Publisher description _uhttp://www.loc.gov/catdir/description/hol041/2003045982.html |
| 856 | 4 | 1 |
_3Table of contents only _uhttp://www.loc.gov/catdir/enhancements/fy0614/2003045982-t.html |
| 942 |
_2lcc _cBK _n0 |
||
| 999 |
_c5812 _d5812 |
||